Statistics for Svalbard Settlements (Map Quiz)

Click here to take the quiz!

General Stats

  • This quiz has been taken 81 times
  • The average score is 3 of 6

Answers on the Map

Answers color-coded by a green-red scale on the quiz's map according to % correct below.
 

Answer Stats

Answer% Correct
Longyearbyen
82%
Barentsburg
51%
Grumant
49%
Ny-Ålesund
49%
Pyramiden
41%
Sveagruva
31%

Score Distribution

Percentile by Number Answered

Percent of People with Each Score

Your Score History

You have not taken this quiz